ՀՀ Գիտությունների ազգային ակադեմիայի հիմնարար գիտական գրադարան  =   Fundamental Scientific Library of NAS RA

Буровые установки для проходки стволов и скважин : (Record no. 525133)

MARC details
000 -LEADER
fixed length control field 01050nam a2200265 a 4500
003 - CONTROL NUMBER IDENTIFIER
control field AM-YEHGA
005 - DATE AND TIME OF LATEST TRANSACTION
control field 20250617164506.0
008 - FIXED-LENGTH DATA ELEMENTS--GENERAL INFORMATION
fixed length control field 211014s1962 ru d||||r|||||001|0|rus||
040 ## - CATALOGING SOURCE
Original cataloging agency AM-YeHGA
041 0# - LANGUAGE CODE
Language code of text/sound track or separate title rus
001 - CONTROL NUMBER
control field 1796276
090 ## - LOCALLY ASSIGNED LC-TYPE CALL NUMBER (OCLC); LOCAL CALL NUMBER (RLIN)
-- 532336
100 1# - MAIN ENTRY--PERSONAL NAME
Personal name Седов, Борис Яковлевич
245 10 - TITLE STATEMENT
Title Буровые установки для проходки стволов и скважин :
Remainder of title Справочник /
Statement of responsibility, etc. Б.Я. Седов, А.Т. Николаенко, Г.И. Юдицкий.
260 ## - PUBLICATION, DISTRIBUTION, ETC.
Place of publication, distribution, etc. Москва :
Name of publisher, distributor, etc. Госгортехиздат,
Date of publication, distribution, etc. 1962.
300 ## - PHYSICAL DESCRIPTION
Extent 263 с., 2 л. черт. :
Other physical details черт. ;
Dimensions 23 см.
504 ## - BIBLIOGRAPHY, ETC. NOTE
Bibliography, etc. note Библиогр.: с. 361
650 14 - SUBJECT ADDED ENTRY--TOPICAL TERM
Topical term or geographic name entry element Техника
650 14 - SUBJECT ADDED ENTRY--TOPICAL TERM
Topical term or geographic name entry element Горное дело
650 14 - SUBJECT ADDED ENTRY--TOPICAL TERM
Topical term or geographic name entry element Бурение скважин
650 14 - SUBJECT ADDED ENTRY--TOPICAL TERM
Topical term or geographic name entry element Буровые установки
Form subdivision Справочники
700 1# - ADDED ENTRY--PERSONAL NAME
Personal name Николаенко, Алексей Тимофеевич
700 1# - ADDED ENTRY--PERSONAL NAME
Personal name Юдицкий, Григорий Израилевич
942 ## - ADDED ENTRY ELEMENTS (KOHA)
Source of classification or shelving scheme Universal Decimal Classification
Koha item type Գրքեր / Books
Holdings
Withdrawn status Lost status Damaged status Not for loan Collection Home library Current library Date acquired Total checkouts Full call number Barcode Date last seen Price effective from Koha item type Public note
        General Fundamental Scientific Library Fundamental Scientific Library 14/03/2022   РII/71921 FL0675142 14/03/2022 14/03/2022 Գրքեր / Books 30 Days Loan


ՀՀ ԳԱԱ հիմնարար գիտական գրադարան
ՀՀ,Երևան 0019
Մարշալ Բաղրամյան 24/6
հեռախոս:(374-10) 52-47-50
Հետադարձ կապ

All site content, except where otherwise noted, is licensed under a
Creative Commons License